Statistiques concernant Les Tableaux du prime #2 - Star Académy 2023

Cliquez ici pour prendre le quiz!

Statistiques générales

  • Ce quiz a été pris 192 fois
  • Le résultat moyen est 18 sur 39

Statistiques - réponses

Réponse% Correct
AcadémiciensHéléna
87%
AcadémiciensPierre
86%
AcadémiciensJulien
83%
AcadémiciensVictorien
81%
AcadémiciensLénie
79%
AcadémiciensAxel
77%
AcadémiciensMargot
76%
AcadémiciensDjebril
75%
AcadémiciensLouis
75%
AcadémiciensClara
72%
ChansonsAu bout de mes rêves
62%
ChansonsPartir un jour
58%
Interprète originalJean-Jacques Goldman
55%
Artistes confirmésVitaa
51%
Artistes confirmésGrand corps malade
48%
Artistes confirmésLouane
46%
Artistes confirmésJames Arthur
45%
Interprète original2be3
44%
Artistes confirmésJenifer
44%
Interprète originalLomepal
43%
ChansonsSecret
43%
ChansonsMa révolution
41%
ChansonsWill Survive / Survivor
41%
ChansonsVivo per lei
37%
ChansonsDecrescendo
36%
Interprète originalZaz
35%
ChansonsDerrière le brouillard
33%
SérieGlee
32%
ChansonsSay you won't let go
30%
ChansonsEblouie par la nuit
29%
Interprète originalHélène Ségara
29%
Interprète originalPascal Obispo
26%
ChansonsCry me a river
24%
ChansonsL'important c'est d'aimer
22%
Interprète originalAndrea Bocelli
21%
Interprète originalJustin Timberlake
21%
ChansonsLe coup de soleil
21%
Artistes confirmésRichard Cocciante
21%
ChansonsRetiens tes rêves
18%

Distribution des résultats

Percentile par nombre de réponses

% des personnes avec chaque résultat

Votre développement - résultats

Vous n’avez pas pris ce quiz